000 00912nam0a22002413 4500
001 RU\NLR\BIBL_A\022442008
005 20250809152624.0
035 _a(NLR Aleph) 022442008
090 _a83998
_c83998
100 _a20250131d1941 u y0rusy50 ca
101 0 _aarm
102 _aAM
105 _ay z 000yy
200 1 _aՌուս-հայերեն ռազմական համառոտ բառարան
_fխմբ.պրոֆ.դոկ՝ Ար.Ղարիբյան
210 _aԵրևան
_cՀայպետհրատ
_d1941
215 _a239[3] с.
_d312
541 1 _6z01790
_aКраткий Русско-Армянский военный словарь
_zrus
702 1 _aՂարիբյան
_bԱր.
_4220
790 1 _6z01541
_aКарибян
_bАр.
_4220
942 _cBOOK
945 _aРоссийская национальная библиотека
_aНациональная библиотека Армении
980 _aBV